| 000 | 00358nam a2200133Ia 4500 | ||
|---|---|---|---|
| 008 | 230801s9999||||xx |||||||||||||| ||und|| | ||
| 020 | _a9781473635296 | ||
| 082 |
_a791.45028092 _bN7399 |
||
| 100 | _aNoah, Trevor | ||
| 245 | 0 | _aBorn a crime: stories from a South African childhood | |
| 260 |
_aLondon _bJohn Murray _c2016 |
||
| 300 | _a288 p. | ||
| 942 | _cBK | ||
| 999 |
_c27066 _d27066 |
||